Normal view
MARC view
- JAVED, SAIRA
Entry Personal Name
001 - CONTROL NUMBER
- control field: 126338
003 - CONTROL NUMBER IDENTIFIER
- control field: NUST
005 - DATE AND TIME OF LATEST TRANSACTION
- control field: 20241009100857.0
008 - FIXED-LENGTH DATA ELEMENTS
- fixed length control field: 241009|| aca||aabn | a|a d
040 ## - CATALOGING SOURCE
- Original cataloging agency: NUST
- Transcribing agency: NUST
100 ## - HEADING--PERSONAL NAME
- Personal name: JAVED, SAIRA
670 ## - SOURCE DATA FOUND
- Source citation: Work cat.: (NUST): JAVED, SAIRA, INTERNATIONAL BUSINESS TRIP UNIVERSITY OF SOUTHHAMPTON, MALAYSIA/
